Score 0/90 Timer 10:00
11 Plays Today
% Correct
Dumb
95.7%
Day
95.7%
Ryan
95.5%
Mission
95.5%
Scissorhands
95.4%
List
95.3%
Pulp
95.3%
Silence
95.3%
Alone
95.3%
Sixth
95.2%
Doubtfire
95%
Ventura
95%
Hunting
94.8%
Pretty
94.5%
Club
94.3%
Blair
94.3%
Sleepless
94.2%
Louise
94.1%
Green
94%
Total
93.8%
Wolves
93.6%
Mary
93.5%
Good
93.4%
Nightmare
93.1%
Batman
92.6%
Maguire
92.6%
Apollo
92.6%
Weddings
92.5%
Groundhog
92.5%
Shawshank
92.5%
% Correct
Usual
92.3%
Walking
92.1%
Red
91.9%
Dazed
91.7%
Wayne's
91.6%
Truman
91.4%
Lebowski
91.3%
League
90.8%
Gilmore
90.6%
Instinct
90.4%
Reservoir
90%
Cool
89.1%
Jurassic
88.5%
Beauty
88.4%
River
88.3%
Vinny
87.4%
Ripley
87.1%
Confidential
86.6%
Fried
86.2%
Scent
85.5%
English
84.8%
Boyz
84.5%
Lion
84.4%
Shakespeare
83.2%
Stella
83.2%
Point
83.1%
Leaving
82.8%
Madison
82.5%
Slickers
82.5%
Iron
79%
% Correct
Shorty
78.5%
Reality
77.2%
Cup
76.8%
Office
75.3%
Boys
74%
Nikita
73.7%
Crying
73.4%
Opus
72.4%
Monsters
71.8%
Cry
71.4%
Sling
69%
Mother
69%
Fool
68.8%
Ross
67.5%
Madness
66.2%
Darkness
65.4%
Rocket
65.4%
Broadway
64.1%
Boiled
62.2%
Menace
61.9%
Short
61.6%
Fink
59.4%
Manhattan
59%
Jack
57.7%
Fisher
57.5%
Before
56.8%
Howards
56.5%
Ballroom
53.2%
Mississippi
42.9%
West
34.6%
Remove Ads.
Support Sporcle.
Get the best of Sporcle when you Go Orange. This ad-free experience offers more features, more stats, and more fun while also helping to support Sporcle. Thank you for becoming a member.

You're not logged in!

Compare scores with friends on all Sporcle quizzes.
OR
Log In

Show Comments

Extras

Top Quizzes Today


Score Distribution

Your Account Isn't Verified!

In order to create a playlist on Sporcle, you need to verify the email address you used during registration. Go to your Sporcle Settings to finish the process.

Report this User

Report this user for behavior that violates our Community Guidelines.

Details: